Statistics for Guess 10 ukrainian footballers by image

Click here to take the quiz!

General Stats

  • This quiz has been taken 56 times
  • The average score is 5 of 10

Answer Stats

Answer% Correct
Oleksandr Zinchenko
96%
Andriy Shevchenko
94%
Mykhailo Mudryk
85%
Andriy Yarmolenko
77%
Andriy Pyatov
50%
Ruslan Malinovskyi
50%
Anatoliy Tymoshchuk
42%
Oleg Blokhin
27%
Igor Belanov
15%
Oleksiy Mykhaylychenko
0%

Score Distribution

Percentile by Number Answered

Percent of People with Each Score

Your Score History

You have not taken this quiz